00390pab a2200145 454500008004000000100001900040245008700059260000900146300001300155362001100168650002200179650001400201650001400215773001500229180718b2012 xxu||||| |||| 00| 0 eng d aIlaiah, Kancha aEducational issues are best left with Parliament and not with intellectual experts c2012 ap.13-14. a28 Jul aPolitical Science aEducation aTextbooks aMainstream